| 000 | 00710nam a22001577a 4500 | ||
|---|---|---|---|
| 008 | 140619b xxu||||| |||| 00| 0 eng d | ||
| 020 | _a9788189239602 | ||
| 050 |
_aPN4778.M3 _b.M3 |
||
| 245 |
_aArt of editing. / _cMs Meenu. |
||
| 260 |
_aNew Delhi: _bMurari lal & sons, _c2008. |
||
| 300 |
_a248p.; _c22cm. |
||
| 500 | _aInclude Index | ||
| 505 | _aContents: Process of editing -- Duties of editor -- Traits of a reporter -- News Editor -- Rules for editing -- Editing techniques -- Sub- editing -- Process of printing -- Magazine writing and news casting -- Editing of news story -- Manuscripting editing -- Editing of conference proceddings -- Editing of journal. | ||
| 700 | _aMeenu Ms. | ||
| 942 |
_2lcc _cBK |
||
| 999 |
_c3020 _d10520 |
||